000 00414pam a2200157 a 4500
020 _a9788184891188
_c
041 _aeng
082 _a543.08
_bLIN
100 _aLinskens, H F.
245 _aGas Chromatography / Mass Spectrometry
_hTextual Documents
260 _aNew Delhi
_bSpringer International Edition
_c2009
300 _a303.
653 _aInstrumental Analysis
700 _aJackson, J F.
930 _a3292
999 _c76558
_d76558